Statistics for The Top 50 College Baseball Programs

Click here to take the quiz!

General Stats

  • This quiz has been taken 131 times
  • The average score is 27 of 50

Answer Stats

RankingAnswer% Correct
7. (SEC)Louisiana State University
90%
1. (SEC)Vanderbilt University
88%
4. (SEC)University of Florida
87%
32. (SEC)University of South Carolina
86%
12. (Big 12)Texas
85%
38. (Pac-12)University of Oregon
82%
35. (SEC)University of Georgia
81%
17. (SEC)University of Tennessee
79%
5. (Pac-12)Oregon State University
77%
21. (Pac-12)UCLA
76%
8. (SEC)Ole Miss University
75%
14. (ACC)University of North Carolina
75%
13. (ACC)Florida State University
74%
28. (Big 10)University of Michigan
74%
33. (ACC)Duke University
71%
2. (SEC)University of Arkansas
71%
23. (Big 12)University of Oklahoma
69%
31. (ACC)Clemson University
68%
3. (SEC)Mississippi State University
67%
24. (Pac-12)University of Arizona
66%
41. (ACC)Wake Forest University
66%
39. (Pac-12)Arizona State University
62%
25. (ACC)University of Miami
62%
20. (SEC)Auburn University
58%
16. (ACC)North Carolina State University
58%
9. (Big 12)Texas Tech University
58%
11. (Big 12)Texas A&M University
57%
36. (ACC)Georgia Tech University
56%
18. (Big 12)Texas Chrisitan University
56%
10. (Pac-12)Stanford University
55%
48. (ACC)Virginia Tech University
50%
37. (Big 10)University of Maryland
49%
42. (Big 10)University of Indiana
45%
40. (ACC)Notre Dame University
44%
30. (Sun Belt)Coastal Carolina University
43%
45. (Big 12)Baylor University
42%
19. (Big 12)Oklahoma State University
37%
29. (Big East)University of Conneticutt
35%
43. (Big 10)University of Nebraska
34%
44. (Big West)Cal State Fullerton
24%
49. (WCC)Gonzaga University
23%
27. (C-USA)Dallas Baptist University
19%
26. (Sun Belt)Southern Mississippi University
18%
22. (American)Eastern Carolina University
17%
46. (Big South)Campbell University
14%
15. (ACC)University of Virginia
14%
50. (A-Sun)Liberty University
10%
34. (Big West)UC Santa Barbara
10%
6. (ACC)Louisville University
4%
47. (C-USA)Louisiana Tech University
0%

Score Distribution

Percentile by Number Answered

Percent of People with Each Score

Your Score History

You have not taken this quiz